[Event "Blitz Match w"]
[Site "Prague CZE"]
[Date "2005.11.04"]
[Round "2"]
[White "Cmilyte,V"]
[Black "Jackova,J"]
[Result "1-0"]
[WhiteElo "2480"]
[BlackElo "2389"]

1.d4 Nf6 2.c4 e6 3.Nf3 b6 4.a3 Bb7 5.Nc3 d5 6.cxd5 Nxd5 7.Qc2 Be7 8.e4 Nxc3
9.bxc3 O-O 10.Bd3 c5 11.O-O Nd7 12.Bb2 Qc7 13.Qe2 e5 14.d5 Rac8 15.c4 Bd6
16.Nh4 g6 17.g3 Rce8 18.Bc1 f6 19.Bh6 Rf7 20.Qg4 Nf8 21.f4 exf4 22.gxf4 Bc8
23.Qg2 Qd7 24.Rae1 Qg4 25.Qxg4 Bxg4 26.Nf3 Nd7 27.Bc2 a6 28.a4 a5 29.Kg2 Rfe7
30.Nd2 Bh5 31.Rf2 Nb8 32.Rb1 Bc7 33.e5 fxe5 34.Ne4 Rf7 35.Bg5 Nd7 36.d6 Bd8
37.Bxd8 Rxd8 38.fxe5 Rxf2+ 39.Kxf2 Nxe5 40.Rxb6 Nxc4 41.Rb7 Nxd6 42.Nf6+ Kf8
43.Nxh7+ Kg8 44.Nf6+ Kf8 45.Nh7+ Kg8 46.Nf6+ Kf8 47.Rh7 Nc4 48.Bb3 Rd2+ 49.Kg1 Rd4
50.Ra7 Bd1 51.Nh7+ Ke8 52.Nf6+ Kd8 53.Bxc4 Rxc4 54.Rd7+ Kc8 55.Rxd1 Rxa4
56.Rc1 c4 57.Ne4 Kd7 58.Nd2 Rb4 59.Nxc4 a4 60.Kf2 Ke6 61.Kg3 Kf5 62.Ne3+  1-0

[Event "Blitz Match w"]
[Site "Prague CZE"]
[Date "2005.11.04"]
[Round "4"]
[White "Cmilyte,V"]
[Black "Jackova,J"]
[Result "0-1"]
[WhiteElo "2480"]
[BlackElo "2389"]

1.d4 Nf6 2.c4 e6 3.Nf3 b6 4.a3 Ba6 5.Qc2 c5 6.d5 d6 7.g3 e5 8.Bg2 Be7 9.O-O O-O
10.Nh4 Re8 11.Nf5 Bf8 12.e4 b5 13.cxb5 Bxb5 14.Re1 Bd7 15.Ne3 Na6 16.Nc3 Nc7
17.Bf1 a6 18.a4 Qc8 19.Nc4 Rb8 20.a5 Bh3 21.Nb6 Qg4 22.f3 Qh5 23.Be2 Red8
24.Be3 Nd7 25.Nc4 Qg6 26.Bd3 Nb5 27.Qf2 Nd4 28.Rab1 Nf6 29.Kh1 h5 30.Bd2 Rb3
31.Bf1 Bxf1 32.Rxf1 Rdb8 33.Nb6 Be7 34.Be3 Bd8 35.Nca4 Nxe4 36.Qe1 Ng5 37.Bxd4 cxd4
38.Qd1 Rd3 39.Qe2 Re3 40.Qd1 Nxf3 41.Nc4 Qe4 42.Nxe3 Nh4+ 43.Kg1 Qxe3+ 44.Rf2 Nf5
45.b4 g6 46.Kg2 Rc8 47.Rb3 Qe4+ 48.Qf3 Qxf3+ 49.Kxf3 Rc1 50.Nb6 Re1 51.Re2 Rf1+
52.Kg2 Rc1 53.b5 axb5 54.Rxb5 Ra1 55.Nc4 d3 56.Rd2 e4 57.Rb8 Kg7 58.Rxd8 e3
59.Nxe3 Nxe3+ 60.Kf3 Ng4 61.Rxd6 Rxa5 62.h3 Ne5+ 63.Kf2 Nc4 64.Rd8 Nxd2 65.Ke3 Nf1+
66.Kxd3 Nxg3 67.d6 Nf5 68.d7 Rd5+ 69.Kc4 Rd4+ 70.Kc5 Rd3 71.Kc6 Ne7+ 72.Kc7 Nd5+
73.Kc6 Nf6 74.h4 Rxd7  0-1

[Event "Blitz Match w"]
[Site "Prague CZE"]
[Date "2005.11.04"]
[Round "6"]
[White "Cmilyte,V"]
[Black "Jackova,J"]
[Result "1-0"]
[WhiteElo "2480"]
[BlackElo "2389"]

1.d4 Nf6 2.c4 e6 3.Nf3 b6 4.a3 Bb7 5.Nc3 c5 6.d5 d6 7.g3 a6 8.dxe6 fxe6 9.Bh3 e5
10.O-O Be7 11.Ng5 O-O 12.Be6+ Kh8 13.Nf7+ Rxf7 14.Bxf7 Nc6 15.Bd5 Nxd5 16.cxd5 Nd4
17.e3 Nf5 18.Qd3 Qd7 19.f4 exf4 20.Rxf4 Nh6 21.Bd2 Bg5 22.Rf3 b5 23.Raf1 Kg8
24.e4 Bxd2 25.Qxd2 Re8 26.Qf2 Qe7 27.h3 Bc8 28.Kh2 Bd7 29.b4 cxb4 30.axb4 Qd8
31.e5 dxe5 32.Ne4 Bc8 33.Qc5 Bf5 34.Rxf5 Nxf5 35.Rxf5 Qd7 36.Rf2 h6 37.d6 Rc8
38.Qd5+ Kh8 39.Nc5  1-0

[Event "TCh-NED 2005-6"]
[Site "Netherlands NED"]
[Date "2005.11.05"]
[Round "3"]
[White "Ligterink,G"]
[Black "Van der Stricht,G"]
[Result "1/2-1/2"]
[WhiteElo "2418"]
[BlackElo "2401"]

1.d4 Nf6 2.c4 e6 3.Nf3 b6 4.a3 Ba6 5.Qc2 Bb7 6.Nc3 c5 7.dxc5 Bxc5 8.Bf4 O-O
9.Rd1 Nc6 10.e3 Rc8 11.Be2 Be7 12.O-O Na5 13.Nb5 Bxf3 14.gxf3 a6 15.Nd6 Rc6
16.Be5 Ne8 17.Nxe8 Qxe8 18.b4 Nxc4 19.Bxc4 b5 20.Qb2 f6 21.Bd5 exd5 22.Bg3 Qh5
23.Kg2 Rfc8 24.Rd2 Qf5 25.Rfd1 Rc2 26.Rxc2 Qxc2 27.Qxc2 Rxc2 28.Rxd5 Rc3
29.Rxd7 Kf8 30.Bd6 Bxd6 31.Rxd6 Rxa3 32.Rd7 Rb3 33.Ra7 Rxb4 34.Rxa6  1/2-1/2

[Event "TCh-CZE Extraliga 2005-6"]
[Site "Czech Rep CZE"]
[Date "2005.11.06"]
[Round "4"]
[White "Markos,J"]
[Black "Hracek,Z"]
[Result "1/2-1/2"]
[WhiteElo "2495"]
[BlackElo "2581"]

1.d4 Nf6 2.c4 e6 3.Nf3 b6 4.a3 Ba6 5.Qc2 Bb7 6.Nc3 c5 7.e4 cxd4 8.Nxd4 d6
9.Be2 Be7 10.Be3 O-O 11.O-O a6 12.Rfd1 Nbd7 13.Rac1 Rc8 14.f3 Qc7 15.Bf1 Qb8
16.Kh1 Ne5 17.Qb3 Bd8 18.Bg1 h5 19.Na4 Ned7 20.Qa2 h4 21.b4 h3 22.g3 Nxe4
23.Bxh3 Nef6 24.Bg2 Ne5 25.Qe2 Qa8 26.c5 b5  1/2-1/2

[Event "FSIMB November"]
[Site "Budapest HUN"]
[Date "2005.11.08"]
[Round "4"]
[White "Murzin,L"]
[Black "Horvath,And"]
[Result "0-1"]
[WhiteElo "2206"]
[BlackElo "2339"]

1.d4 Nf6 2.Nf3 b6 3.c4 e6 4.a3 Bb7 5.Nc3 d5 6.cxd5 Nxd5 7.Qc2 Be7 8.Nxd5 exd5
9.Bf4 c5 10.e3 Nd7 11.Bd3 h6 12.O-O O-O 13.Rac1 Nf6 14.h3 c4 15.Bf5 Bc8 16.Ne5 Bxf5
17.Qxf5 Qc8 18.Qc2 b5 19.f3 Qb7 20.g4 Nd7 21.Qf5 Rad8 22.Rc2 Nxe5 23.Bxe5 g6
24.Qf4 Bg5 25.Qg3 Bxe3+ 26.Kh1 f6 27.Qe1 fxe5 28.Qxe3 exd4 29.Qxd4 Qb6 30.Rd2 Qxd4
31.Rxd4 Rfe8 32.Rf2 Kf7 33.Kg2 a5 34.Rfd2 Ke6 35.h4 Rf8 36.Kg3 g5 37.Re2+ Kd6
38.Rd1 gxh4+ 39.Kg2 Rfe8 40.Red2 Kc5 41.Rh1 b4 42.axb4+ axb4 43.Rxh4 Rd6
44.Rh1 c3 45.bxc3 bxc3 46.Ra2 Rb8 47.Rc1 d4 48.Kf2 Rdb6 49.Ke2 Rb2+ 50.Rxb2 Rxb2+
51.Kd3 Rd2+ 52.Ke4 c2 53.f4 d3  0-1

[Event "FSIMB November"]
[Site "Budapest HUN"]
[Date "2005.11.09"]
[Round "5"]
[White "Porat,Dav"]
[Black "Ignacz,M"]
[Result "0-1"]
[WhiteElo "2199"]
[BlackElo "2286"]

1.d4 Nf6 2.c4 e6 3.Nf3 b6 4.a3 c5 5.d5 exd5 6.cxd5 d6 7.Nc3 Ba6 8.g3 g6 9.Bg2 Bg7
10.O-O O-O 11.Rb1 Re8 12.Re1 Nbd7 13.h3 b5 14.b4 Rc8 15.bxc5 Rxc5 16.Qb3 Qc8
17.Bb2 Nb6 18.Nd2 Nc4 19.Nxc4 bxc4 20.Qc2 Rc7 21.Rbc1 Rb7 22.Nb1 Qc5 23.Bc3 Rb3
24.Bb4 Qb6 25.Nc3 Bc8 26.Rb1 a5 27.Na4 Qb5 28.Rxb3 cxb3 29.Qc6 Bd7 30.Qxb5 Bxb5
31.Nc3 axb4 32.Nxb5 bxa3 33.Nxa3 b2 34.Kf1 Nd7 35.e3 Rc8 36.Rd1 Rc1 37.Ke2 Nc5
38.Nb1 f5 39.f3 Na4 40.Kd2 Bc3+ 41.Ke2 Bb4 42.Rd4 Nc3+ 43.Kd3 Bc5  0-1

[Event "zt 2.5"]
[Site "Las Condes CHI"]
[Date "2005.11.09"]
[Round "4"]
[White "Vasquez,R"]
[Black "Flores,Di"]
[Result "1-0"]
[WhiteElo "2506"]
[BlackElo "2479"]

1.d4 Nf6 2.c4 e6 3.Nf3 b6 4.a3 Ba6 5.e3 Be7 6.Bd3 d5 7.b3 O-O 8.Nbd2 c5 9.Bb2 Nc6
10.O-O dxc4 11.bxc4 Qc7 12.Qc2 Rfd8 13.Rfd1 Rac8 14.Rac1 cxd4 15.exd4 Qf4
16.g3 Qg4 17.d5 Na5 18.dxe6 fxe6 19.Re1 Bb7 20.Bxf6 gxf6 21.Bxh7+ Kf7 22.Be4 Ba6
23.Bd5 Rd6 24.Bxe6+ Rxe6 25.Qh7+ Kf8 26.h3 Qg7 27.Qxg7+ Kxg7 28.Rxe6 Bxa3
29.Ra1 Bb4 30.Ra4 Bxc4 31.Re4 Bxd2 32.Nxd2 Bd5 33.Re1 Rc2 34.Rd4 Bc6 35.g4 Kf7
36.Ne4 Nb3 37.Rd6 a5 38.Rxf6+ Kg7 39.Rd6 a4 40.Ng5 Kf8 41.Rf6+ Kg8 42.Re7  1-0

[Event "FSGM November"]
[Site "Budapest HUN"]
[Date "2005.11.10"]
[Round "6"]
[White "Slavina,I"]
[Black "Szabo,Kr1"]
[Result "0-1"]
[WhiteElo "2385"]
[BlackElo "2390"]

1.d4 Nf6 2.c4 e6 3.Nf3 b6 4.a3 Ba6 5.Qc2 Bb7 6.Nc3 c5 7.e4 cxd4 8.Nxd4 Bc5
9.Nb3 Nc6 10.Bf4 O-O 11.Be2 Rc8 12.e5 Ne8 13.Ne4 Bd4 14.Ng5 f5 15.Nf3 Bc5
16.Nxc5 bxc5 17.O-O-O Qc7 18.Kb1 Na5 19.Nd2 Nf6 20.exf6 Qxf4 21.fxg7 Rf7
22.Qc3 Nc6 23.Bf3 d6 24.Nb3 Ne5 25.Bxb7 Rxb7 26.Na5 Rb6 27.f3 Rcb8 28.Rd2 Kxg7
29.Rhd1 Kf7 30.Ka1 Ke7 31.h3 Qh4 32.Re2 Qf4 33.Rde1 h5 34.Rd1 h4 35.Rde1 Kf7
36.Rd1 Rg8 37.Red2 Ke7 38.Re2 Nf7 39.Rde1 Ne5 40.Rd1 Qg3 41.Qd2 Ng6 42.Rxe6+ Kxe6
43.Qd5+ Kf6 44.Qxg8 Qe5 45.Qd8+ Kg7 46.Rb1 Kh6 47.Qc7 Qe7 48.Qxe7 Nxe7 49.b4 Ng6
50.bxc5 dxc5 51.Nb3 Nf4 52.Nxc5 Rc6 53.Rb5 Nxg2 54.Nd3 Kg5 55.c5 Nf4 56.Ne5 Rc8
57.c6 Nxh3 58.Rc5 Rc7 59.Nf7+ Rxf7 60.c7 Rf8 61.c8=Q Rxc8 62.Rxc8 Kf4 63.Rc4+ Kg3
64.Ra4 Ng5 65.Rxa7 h3 66.Rg7 Kh4 67.Rd7 h2 68.Rd1 Nxf3 69.Rh1 Kg3 70.a4 Kg2
71.Rb1 h1=Q 72.Rxh1 Kxh1 73.Kb2 Kg2 74.Kc3 f4 75.a5 Ne5 76.a6 Nc6 77.Kc4 f3
78.Kc5 f2  0-1

[Event "zt 2.5"]
[Site "Las Condes CHI"]
[Date "2005.11.10"]
[Round "6"]
[White "Romero Pino,C"]
[Black "Vargas,I"]
[Result "1-0"]
[WhiteElo "2226"]
[BlackElo "2213"]

1.d4 Nf6 2.c4 e6 3.Nf3 b6 4.a3 Bb7 5.Nc3 Be7 6.d5 exd5 7.cxd5 O-O 8.e4 d6
9.Bd3 c6 10.O-O Nfd7 11.Bc2 Ne5 12.Nd4 Bf6 13.f4 Ng6 14.Be3 Re8 15.Qd2 c5
16.Nf3 Nd7 17.Rfe1 a6 18.a4 Qe7 19.Bf2 Qf8 20.g4 b5 21.axb5 Bxc3 22.bxc3 axb5
23.Rxa8 Rxa8 24.Bd3 c4 25.Bf1 Ra3 26.Nd4 Ba6 27.Qb2 Ra5 28.Bg3 Nc5 29.Nc6 Ra4
30.f5 Ne5 31.Nxe5 dxe5 32.Bxe5 Qe7 33.Bg3 Nd3 34.Bxd3 cxd3 35.d6 Qg5 36.Qf2 Bb7
37.Qb6 d2 38.h4  1-0

[Event "zt 2.5"]
[Site "Las Condes CHI"]
[Date "2005.11.11"]
[Round "8"]
[White "Romero Pino,C"]
[Black "Lafuente,P"]
[Result "0-1"]
[WhiteElo "2226"]
[BlackElo "2421"]

1.d4 Nf6 2.Nf3 e6 3.c4 b6 4.a3 Bb7 5.Nc3 d5 6.e3 Nbd7 7.cxd5 exd5 8.b4 a6
9.Be2 Bd6 10.Qb3 O-O 11.O-O Re8 12.a4 c6 13.Ba3 b5 14.a5 Qe7 15.Na2 Ne4 16.Nc1 Ndf6
17.Nd3 Ng4 18.Nc5 Bc8 19.h3 Nh6 20.Bb2 Nf5 21.Rac1 Nxc5 22.dxc5 Bb8 23.Rfe1 Ra7
24.Qc3 Qf8 25.Nd4 Nxd4 26.Qxd4 Bf5 27.Qd2 Rae7 28.Bf3 Re6 29.Qd4 Rg6 30.Kf1 Be4
31.Bxe4 Rxe4 32.Qd2 Qe7 33.f3 Ree6 34.e4 Bg3 35.Re2 dxe4 36.Rxe4 Rxe4 37.fxe4 h5
38.Qd3 h4 39.Rd1 Qe6 40.Kg1 Kh7 41.Rf1 Qa2 42.Qb1 Qc4 43.Rc1 Qe2 44.Qc2 Bh2+
45.Kh1 Rxg2 46.Qxe2 Rxe2 47.Bc3 Bf4 48.Rd1 Rh2+ 49.Kg1 Rxh3 50.Be1 Rb3  0-1

[Event "WJun"]
[Site "Instanbul TUR"]
[Date "2005.11.21"]
[Round "12"]
[White "Lenic,L"]
[Black "Macak,S"]
[Result "1/2-1/2"]
[WhiteElo "2476"]
[BlackElo "2319"]

1.d4 Nf6 2.c4 e6 3.Nf3 b6 4.a3 Bb7 5.Nc3 d5 6.cxd5 Nxd5 7.Qc2 Be7 8.e4 Nxc3
9.bxc3 c5 10.Bb5+ Bc6 11.Bd3 Nd7 12.O-O O-O 13.Bf4 Bb7 14.a4 Rc8 15.Qe2 Nf6
16.Rfd1 c4 17.Bc2 a6 18.Rdb1 Bc6 19.Ne5 Be8 20.Rd1 b5 21.axb5 Bxb5 22.d5 exd5
23.exd5 Bd6 24.Nc6 Bxc6 25.dxc6 Rxc6 26.Ba4 Rb6 27.Qxc4 Qb8 28.Rxd6 Rxd6
29.Bb3 Rc6 30.Bxb8 Rxc4 31.Bxc4 Rxb8 32.Bxa6 Kf8 33.Be2  1/2-1/2

[Event "WJun"]
[Site "Instanbul TUR"]
[Date "2005.11.21"]
[Round "12"]
[White "Uzun,F"]
[Black "Acuner,E"]
[Result "1-0"]
[WhiteElo "2070"]
[BlackElo "1903"]

1.d4 Nf6 2.c4 e6 3.Nf3 b6 4.a3 Bb7 5.Nc3 d6 6.Qc2 Nbd7 7.e4 c5 8.d5 e5 9.Bd3 g6
10.h3 Bg7 11.Be3 a6 12.O-O O-O 13.Qd2 Ne8 14.Bg5 f6 15.Bh6 Bxh6 16.Qxh6 Qe7
17.Nd2 Qg7 18.Qe3 f5 19.Bc2 f4 20.Qe2 Ndf6 21.Ba4 g5 22.f3 h5 23.Kf2 Bc8
24.Bc6 Ra7 25.Ke1 g4 26.hxg4 hxg4 27.Qf2 Nh5 28.Kd1 Ng3 29.Rg1 Nf6 30.Kc2 Qg5
31.Na4 b5 32.cxb5 axb5 33.Bxb5 Ba6 34.Nc3 Qg6 35.Bxa6 Rxa6 36.Rge1 Nd7 37.b4 Rfa8
38.Kb2 Nb6 39.b5 Na4+ 40.Nxa4 Rxa4 41.Nb1 gxf3 42.gxf3 Kf7 43.Nc3 Rc4 44.Qc2 Qh5
45.Qb3 Qh2+ 46.Qc2 Qh8 47.Red1 Rd4 48.Rac1 Qh5 49.Qf2 Qh4 50.Rh1 Qf6 51.Rh7+ Kg8
52.Qh2 Rd2+ 53.Qxd2 Kxh7 54.Qh2+ Kg6 55.Qh3 Re8 56.Rc2 Rh8 57.Qg4+ Kf7 58.Qd7+ Qe7
59.Qxe7+ Kxe7 60.a4 Nf1 61.Rg2 Ne3 62.Rg7+ Kd8 63.b6 Nc4+ 64.Kb3 Nxb6 65.a5 Nc8
66.a6 Ne7 67.Na4 Nc8 68.Kc4 Rh3 69.a7 Nxa7 70.Rxa7 Rxf3 71.Kb5 Re3 72.Kc6 Rxe4
73.Kxd6 Kc8 74.Nxc5 Re2 75.Ra8+  1-0

[Event "IV I Subasic Mem"]
[Site "Zenica BIH"]
[Date "2005.11.22"]
[Round "5"]
[White "Rezan,S"]
[Black "Savic,Miod1"]
[Result "1-0"]
[WhiteElo "2421"]
[BlackElo "2542"]

1.d4 Nf6 2.c4 e6 3.Nf3 b6 4.a3 d5 5.Nc3 Be7 6.Bg5 O-O 7.Qc2 Bb7 8.Bxf6 Bxf6
9.Rd1 Nd7 10.cxd5 exd5 11.g3 a6 12.Bg2 Qe7 13.O-O Rfd8 14.Rfe1 Nf8 15.e4 dxe4
16.Nxe4 Bxe4 17.Rxe4 Qd6 18.Ree1 Rac8 19.Bh3 Rb8 20.Bf1 Ne6 21.d5 Nf8 22.Bg2 Re8
23.Nd2 Rxe1+ 24.Rxe1 Qc5 25.Qxc5 bxc5 26.Nc4 g6 27.Re2 Nd7 28.Rc2 Bd4 29.Bf1 Kf8
30.Kg2 Ke7 31.Na5 Kd6 32.Bxa6 Nb6 33.Nc4+ Nxc4 34.Bxc4 Bxb2 35.a4 Bd4 36.a5 f5
37.a6 Re8 38.Ra2 Ra8 39.Re2 c6 40.Re6+ Kd7 41.dxc6+ Kc7 42.h4 Kb6 43.Re7 Kxc6
44.Rxh7 Kb6 45.Rh6 Ka5 46.Rxg6 Ra7 47.Rc6 Kb4 48.Bd3 Rf7 49.h5 Kc3 50.Be2 Kd2
51.Bf3 Kd3 52.Kf1 Re7 53.h6 c4 54.Rc8 c3 55.Bd1 Kd2 56.Ba4 Re1+ 57.Kg2 Ra1
58.Rc4 Kd3 59.Rxd4+ Kxd4 60.h7 Rxa4 61.h8=Q+ Kd3 62.Qe8 Ra1 63.Qb5+ Kd2 64.Qd5+ Kc1
65.Qd4 Ra3 66.Qb4  1-0

[Event "18th Belgrade Trophy"]
[Site "Obrenovac SCG"]
[Date "2005.11.25"]
[Round "4"]
[White "Nestorovic,De"]
[Black "Rajkovic,Du"]
[Result "0-1"]
[WhiteElo "2400"]
[BlackElo "2484"]

1.d4 Nf6 2.c4 e6 3.Nf3 b6 4.a3 Ba6 5.Qc2 Bb7 6.Nc3 c5 7.e4 cxd4 8.Nxd4 Bc5
9.Nb3 Nc6 10.Bf4 e5 11.Bg5 h6 12.Bh4 Nd4 13.Nxd4 Bxd4 14.Nb5 Bc5 15.Bxf6 gxf6
16.b4 a6 17.bxc5 axb5 18.cxb5 bxc5 19.Bd3 Qa5+ 20.Ke2 Rc8 21.Rhd1 f5 22.Bc4 Bxe4
23.Qb3 Ke7 24.Qg3 d6 25.Qh4+ f6 26.Qg3 Rh7 27.Qg6 Rch8 28.Bg8 Qxb5+ 29.Ke1 Qa5+
30.Kf1 Qa6+ 31.Kg1 Rxg8 32.Qxg8 Rf7 33.f3 Bd3 34.Ra2 Qb6 35.Kh1 c4 36.Qg3 Qb3
37.Raa1 Ke6 38.Qf2 Rc7 39.Qd2 f4 40.Rdc1 Rb7 41.a4 Qb2 42.Qe1 Qb4 43.Qf2 d5
44.a5 d4 45.a6 Ra7 46.g3 c3 47.gxf4 Rxa6 48.Qg2 Qb7 49.Qg8+ Kd6 50.fxe5+ fxe5
51.Qf8+ Kd5  0-1

[Event "18th Belgrade Trophy"]
[Site "Obrenovac SCG"]
[Date "2005.11.29"]
[Round "8"]
[White "Arsovic,G"]
[Black "Rajkovic,Du"]
[Result "1-0"]
[WhiteElo "2419"]
[BlackElo "2484"]

1.d4 Nf6 2.Nf3 e6 3.c4 b6 4.a3 Ba6 5.Qb3 Be7 6.Nc3 Bb7 7.d5 exd5 8.cxd5 O-O
9.g3 Na6 10.Bg2 Nc5 11.Qd1 a5 12.O-O Re8 13.Nd4 Bf8 14.Qc2 g6 15.b3 Bg7 16.Bb2 Ng4
17.Rad1 f5 18.b4 axb4 19.axb4 Na6 20.Qb3 Kh8 21.e4 f4 22.gxf4 Rf8 23.Nce2 Qe7
24.h3 Nh6 25.Nc2 c5 26.b5 Nb4 27.Nxb4 cxb4 28.d6 Qh4 29.Bxg7+ Kxg7 30.Qxb4 Qh5
31.Qd4+ Kg8 32.Qxb6 Rab8 33.Qe3 Qxb5 34.Rb1 Qa6 35.Rb6 Qc4 36.Rfb1 Nf7 37.Qb3 Nxd6
38.Qxc4+  1-0

[Event "ch-ROM"]
[Site "Baile Tusnad ROM"]
[Date "2005.11.30"]
[Round "5"]
[White "Bucur,O"]
[Black "Anton,T"]
[Result "1-0"]
[WhiteElo "2289"]
[BlackElo "2120"]

1.d4 Nf6 2.c4 e6 3.Nf3 b6 4.a3 Bb7 5.Nc3 Be7 6.d5 d6 7.e4 e5 8.Bd3 Nbd7 9.b4 O-O
10.O-O a5 11.Rb1 Nh5 12.Re1 Nf4 13.Bf1 axb4 14.axb4 f5 15.Bxf4 fxe4 16.Nxe5 dxe5
17.Bg3 Bd6 18.Nxe4 Bc8 19.Qc2 Nf6 20.Bd3 Bf5 21.Ng5 e4 22.Nxe4 Bxe4 23.Bxe4 Re8
24.Bh4 h6 25.c5 bxc5 26.bxc5 Bxc5 27.Bxf6  1-0

[Event "FSGMA December"]
[Site "Budapest HUN"]
[Date "2005.12.09"]
[Round "7"]
[White "Farago,I"]
[Black "Hoang Thanh Trang"]
[Result "1/2-1/2"]
[WhiteElo "2512"]
[BlackElo "2471"]

1.d4 e6 2.c4 Nf6 3.Nf3 b6 4.a3 c5 5.d5 Ba6 6.Qc2 exd5 7.cxd5 g6 8.Nc3 Bg7
9.g3 O-O 10.Bg2 d6 11.O-O Re8 12.Re1 Nbd7 13.Bf4 Qe7 14.Bh3 h5 15.Qa4 Bb7
16.Bg5 Nf8 17.e4 N8h7 18.Bf4 Ng4 19.Rad1 a6 20.Bg2 b5 21.Qb3 g5 22.Bc1 f6
23.e5 Nxe5 24.Nxe5 fxe5 25.Ne4 Rad8 26.Nxc5 dxc5 27.d6+ Qe6 28.Qxe6+ Rxe6
29.Bxb7 Rexd6 30.Rxd6 Rxd6 31.Be3 c4 32.Bc5 Rd2 33.Bxa6 Rxb2 34.Bb4 g4 35.Bxb5 Rc2
36.Re2 Rc1+ 37.Re1 Rc2 38.Re2 Rc1+ 39.Re1 Rc2 40.Re2 Rc1+ 41.Re1  1/2-1/2

[Event "12th Open"]
[Site "Zadar CRO"]
[Date "2005.12.12"]
[Round "1"]
[White "Brulic,D"]
[Black "Lukin,A"]
[Result "1/2-1/2"]
[WhiteElo "2247"]
[BlackElo "2417"]

1.d4 Nf6 2.c4 e6 3.Nf3 b6 4.a3 c5 5.Nc3 cxd4 6.Nxd4 Bb7 7.Bg5 a6 8.Qb3 Nc6
9.e3 Nxd4 10.exd4 Be7 11.f3 O-O 12.Be2 Bc6 13.O-O d5 14.Rad1 dxc4 15.Bxc4 Nd5
16.Bxe7 Nxe7 17.d5 exd5 18.Nxd5 Nxd5 19.Bxd5 Bxd5 20.Rxd5 Qc7 21.Rfd1 Rad8  1/2-1/2

[Event "12th Open"]
[Site "Zadar CRO"]
[Date "2005.12.13"]
[Round "3"]
[White "Rezan,S"]
[Black "Cvitan,O"]
[Result "1/2-1/2"]
[WhiteElo "2421"]
[BlackElo "2527"]

1.d4 Nf6 2.Nf3 e6 3.c4 b6 4.a3 Bb7 5.Nc3 d5 6.Bg5 Be7 7.Bxf6 Bxf6 8.cxd5 exd5
9.Qb3 O-O 10.Rd1 Re8 11.e3 c6  1/2-1/2

[Event "TCh-NED 2005-6"]
[Site "Netherlands NED"]
[Date "2005.12.17"]
[Round "5"]
[White "Delemarre,J"]
[Black "Hoeksema,E"]
[Result "1/2-1/2"]
[WhiteElo "2433"]
[BlackElo "2401"]

1.d4 Nf6 2.c4 e6 3.Nf3 b6 4.a3 Bb7 5.Nc3 g6 6.Qc2 Bg7 7.e4 O-O 8.Be2 d5 9.cxd5 exd5
10.e5 Ne4 11.O-O c5 12.dxc5 bxc5 13.Rd1 Nxc3 14.Qxc3 Nd7 15.Bf4 Rc8 16.Qb3 Bc6
17.a4 d4 18.Bc4 Bxf3 19.Qxf3 Bxe5 20.Bd2 Bg7 21.Bb5 Ne5 22.Qe4 Qb6 23.b4 c4
24.Bf4 Nd3 25.Rxd3 cxd3 26.Bd2 a6 27.Bxd3 Rfe8 28.Qf3 Bf8 29.b5 axb5 30.axb5 Qe6
31.h3 Qb3 32.Rb1 Qa3 33.b6 Bd6 34.b7 Rb8 35.g3 Re7 36.Bh6 Ree8 37.Kg2 Bf8
38.Bf4 Bd6 39.Bh6 Bf8 40.Bf4 Bd6  1/2-1/2

[Event "5th Amplico AIG Life"]
[Site "Warsaw POL"]
[Date "2005.12.17"]
[Round "1"]
[White "Krajewicz,P"]
[Black "Sulskis,S"]
[Result "1/2-1/2"]
[WhiteElo "1980"]
[BlackElo "2504"]

1.d4 Nf6 2.c4 e6 3.Nf3 b6 4.a3 Ba6 5.Qa4 c5 6.dxc5 bxc5 7.Nc3 Bb7 8.Bg5 Be7
9.Rd1 O-O 10.e3 d6 11.Be2 Nbd7 12.O-O Qb6 13.b4 a6 14.Rb1 Qc7 15.Rfd1 h6
16.Bh4 g5 17.Bg3 Nh5 18.Nd2 Nxg3 19.hxg3 d5 20.cxd5 cxb4 21.axb4 Nb6 22.Qb3 Nxd5
23.Nxd5 Bxd5 24.Qb2 Rfb8 25.Qd4 Qd8 26.Ne4 Qf8 27.Nc5 Bxc5 28.bxc5 a5 29.Bf3 Rd8
30.Qc3 Rdc8 31.c6 a4 32.Ra1 a3 33.Rd2 a2 34.Qc4 Ra3 35.Rc2 Qe8 36.Raxa2 Rc7  1/2-1/2

[Event "5th Amplico AIG Life"]
[Site "Warsaw POL"]
[Date "2005.12.17"]
[Round "2"]
[White "Kozak,Ma"]
[Black "Zhigalko,S"]
[Result "0-1"]
[WhiteElo "2189"]
[BlackElo "2490"]

1.d4 Nf6 2.c4 e6 3.Nf3 b6 4.a3 Ba6 5.Qc2 Bb7 6.Nc3 c5 7.e4 cxd4 8.Nxd4 d6
9.Be2 Nbd7 10.O-O Be7 11.Be3 O-O 12.Rad1 a6 13.b4 Qc7 14.f4 Rac8 15.Rc1 Rfe8
16.Qb1 Bf8 17.Nb3 Qb8 18.Bd3 g6 19.Rfe1 Ng4 20.Bd4 e5 21.fxe5 dxe5 22.Be3 Nxe3
23.Rxe3 Bh6 24.Rh3 Bxc1 25.Qxc1 Nf8 26.Nd5 Bxd5 27.exd5 e4 28.Be2 Qe5 29.Qd2 Red8
30.Qd4 Nd7 31.Re3 f5 32.g3 Qxd4 33.Nxd4 Ne5 34.Ne6 Rd6 35.c5 bxc5 36.bxc5 Rxd5
37.Bxa6 Rc6 38.Nf4 Rd1+ 39.Bf1 Rxc5  0-1

[Event "5th Amplico AIG Life"]
[Site "Warsaw POL"]
[Date "2005.12.17"]
[Round "4"]
[White "Dziuba,M"]
[Black "Kaunas,K"]
[Result "1-0"]
[WhiteElo "2494"]
[BlackElo "2318"]

1.d4 Nf6 2.c4 e6 3.Nf3 b6 4.a3 Bb7 5.Nc3 d5 6.Bg5 Be7 7.Qa4+ c6 8.Bxf6 Bxf6
9.cxd5 exd5 10.g3 O-O 11.Bg2 Nd7 12.O-O Re8 13.Rad1 a5 14.Rfe1 b5 15.Qc2 a4
16.e4 Nb6 17.e5 Be7 18.Ne2 Nc4 19.Nf4 b4 20.e6 f6 21.Bf1 Ba6 22.Bd3 g6 23.Bxg6 hxg6
24.Qxg6+ Kh8 25.Qh5+ Kg7 26.Qf7+  1-0

[Event "Open"]
[Site "Erandio ESP"]
[Date "2005.12.18"]
[Round "3"]
[White "Zubimendi Her,J"]
[Black "Rizouk,A"]
[Result "0-1"]
[WhiteElo "1983"]
[BlackElo "2499"]

1.d4 Nf6 2.Nf3 e6 3.c4 b6 4.a3 Bb7 5.Nc3 d5 6.cxd5 Nxd5 7.Qc2 Nxc3 8.bxc3 Be7
9.e4 O-O 10.Bc4 c5 11.O-O Nc6 12.Rd1 cxd4 13.cxd4 Na5 14.Ba2 Rc8 15.Qe2 Qd7
16.d5 exd5 17.Bxd5 Bxd5 18.Rxd5 Qa4 19.Bf4 Bf6 20.Rad1 Rfe8 21.Nd4 Rxe4 22.Be3 Nc4
23.Nb5 Rce8 24.R1d3 Be5 25.Qf3 Nxe3 26.Rxe3 Rxe3 27.Qxe3 Qc4 28.Qd2 Bf4  0-1

[Event "5th Amplico AIG Life"]
[Site "Warsaw POL"]
[Date "2005.12.18"]
[Round "11"]
[White "Staniszewski,Pi"]
[Black "Bartel,Mat"]
[Result "0-1"]
[WhiteElo "2424"]
[BlackElo "2513"]

1.d4 Nf6 2.c4 e6 3.Nf3 b6 4.a3 Bb7 5.Nc3 d5 6.cxd5 Nxd5 7.e3 g6 8.Bd3 Bg7
9.Nxd5 exd5 10.b4 O-O 11.Qb3 c6 12.O-O a5 13.bxa5 Rxa5 14.Bd2 Ra7 15.Ne5 c5
16.Bb5 f6 17.Nf3 c4 18.Qb2 Nc6 19.Bc3 Na5 20.Nd2 f5 21.Rfe1 Ba8 22.Rab1 Rf6
23.f3 Re6 24.e4 dxe4 25.Nxc4 Rc7 26.Ne5 exf3 27.Nxf3 Re4 28.Ne5 Bd5 29.Bd3 Rxe1+
30.Rxe1 Rc8 31.Bb4 Bf6 32.h3 Kg7 33.Qf2 Rc7 34.Qe2 Nc6 35.Nxc6 Bxc6 36.Kh1 Qxd4
37.Rd1 Qh4 38.Qe3 f4 39.Qg1 Qxh3+ 40.Qh2 Bxg2+ 41.Kg1 Bd4+  0-1

[Event "12th Open"]
[Site "Zadar CRO"]
[Date "2005.12.18"]
[Round "9"]
[White "Rezan,S"]
[Black "Malysheva,P"]
[Result "1-0"]
[WhiteElo "2421"]
[BlackElo "2295"]

1.c4 e6 2.Nf3 Nf6 3.d4 b6 4.a3 c5 5.d5 Ba6 6.Qc2 exd5 7.cxd5 g6 8.Nc3 Bg7
9.g3 O-O 10.Bg2 d6 11.O-O Re8 12.Re1 b5 13.e4 Nbd7 14.h3 Qc7 15.Bf1 c4 16.Nd4 Nc5
17.Ndxb5 Bxb5 18.Nxb5 Qa5 19.Nc3 Nxd5 20.Bd2 Nxc3 21.Bxc3 Bxc3 22.Qxc3 Qxc3
23.bxc3 Nxe4 24.Bxc4 Nxc3 25.Rec1 Ne2+ 26.Bxe2 Rxe2 27.Rc7 Rb8 28.Rxa7 Rbb2
29.Rf1 d5 30.Ra4 Red2 31.Rf4 d4 32.Rc1 Rb7 33.Rc8+ Kg7 34.Rd8 d3 35.Kg2 Rd1
36.Rfd4 Rb3 37.a4 Kf6 38.a5 Ra3 39.R8d6+ Ke7 40.Rd7+ Ke6 41.R4d6+ Ke5 42.f4+  1-0

[Event "Sekkat mem"]
[Site "Casablanca MAR"]
[Date "2005.12.19"]
[Round "2"]
[White "Idrissi,C"]
[Black "Daoudi,K"]
[Result "0-1"]
[WhiteElo "2215"]
[BlackElo "2075"]

1.d4 Nf6 2.Nf3 e6 3.c4 b6 4.a3 Bb7 5.Nc3 d5 6.Bg5 Be7 7.Qa4+ Bc6 8.Qc2 Nbd7
9.cxd5 exd5 10.e3 Bb7 11.Bd3 O-O 12.Ne5 Nxe5 13.dxe5 Ng4 14.Bxh7+ Kh8 15.Bxe7 Qxe7
16.Bf5 Nxe5 17.O-O-O g6 18.Bh3 Rfd8 19.Rhe1 c5 20.Kb1 Qh4 21.f4 Nc4 22.Re2 d4
23.exd4 cxd4 24.Nb5 Ne3 25.Rxe3 dxe3 26.Nd6 Qxf4 27.g3 Be4 28.gxf4 Bxc2+
29.Kxc2 e2 30.Nxf7+ Kg7 31.Re1 Kxf7 32.Rxe2 Rd4 33.Rf2 Rh8 34.Bg4 Kf6 35.h3 Re8
36.Kc3 Ree4 37.f5 g5 38.Rg2 Rf4 39.Rg3 a5 40.Re3 Rfe4 41.Rg3 b5 42.b3 b4+
43.axb4 axb4+ 44.Kc2 Rf4 45.Rg2 Rf1 46.Re2 Rxf5 47.Bxf5 Kxf5 48.Rf2+ Rf4
49.Re2 Rh4  0-1

[Event "Harmonie Open A"]
[Site "Groningen NED"]
[Date "2005.12.23"]
[Round "1"]
[White "Hummel,J"]
[Black "Hoeksema,E"]
[Result "0-1"]
[WhiteElo "2038"]
[BlackElo "2401"]

1.d4 Nf6 2.c4 e6 3.Nf3 b6 4.a3 c5 5.d5 Ba6 6.dxe6 fxe6 7.Nbd2 Bb7 8.g3 g6
9.Bh3 Bg7 10.O-O Nc6 11.e4 Qc7 12.b3 O-O 13.Bb2 e5 14.b4 Rae8 15.Qc2 Kh8
16.b5 Nd8 17.a4 d6 18.Bc3 Ne6 19.a5 Nd4 20.Bxd4 exd4 21.axb6 axb6 22.Ng5 Bh6
23.Ne6 Qc8 24.Ra7 Qb8 25.Rxb7 Qxb7 26.Nxf8 Rxf8 27.f4 Re8 28.Bg2 Ng4 29.Qd3 Ne3
30.Ra1 Ra8 31.Rxa8+ Qxa8 32.Bf3 Bg7 33.Kf2 Qa2 34.Ke2 Qa1 35.Kf2 Qc1 36.h3 Bf6
37.h4 Kg7 38.h5 gxh5 39.Nb3 Qb2+ 40.Nd2 h4 41.g4 h6 42.Kg1 Qc1+ 43.Kf2 h3
44.Kg3 Qg1+ 45.Kxh3 Bh4  0-1

[Event "Harmonie Open A"]
[Site "Groningen NED"]
[Date "2005.12.26"]
[Round "3"]
[White "Hummel,J"]
[Black "Cako,L"]
[Result "1/2-1/2"]
[WhiteElo "2038"]
[BlackElo "2193"]

1.d4 Nf6 2.c4 e6 3.Nf3 b6 4.a3 Bb7 5.Nc3 d5 6.cxd5 Nxd5 7.e3 Nd7 8.Bd3 Be7
9.Nxd5 exd5 10.b4 O-O 11.O-O Bd6 12.Bb2 Re8 13.Rc1 Nf6 14.Ne5 c5 15.bxc5 bxc5
16.Rxc5 Bxc5 17.dxc5 Nd7 18.Bxh7+ Kf8 19.Qh5 Nxe5 20.Bxe5 Re6 21.Bd6+ Rxd6
22.cxd6 Qxd6 23.Bf5 g6 24.Qh8+ Ke7 25.Qb2 Ba6 26.Bd3 Bxd3 27.Qb7+ Ke6 28.Qxa8 Bxf1
29.Qe8+ Kf6 30.Qh8+ Ke6 31.Qe8+ Kf6 32.Qh8+ Ke7 33.Qh4+ Kf8 34.Qh8+  1/2-1/2